000 00533nam a2200181Ia 4500
005 20250923144323.0
008 008 250917s9999 xx 000 0 eng d
037 _aTextual
040 _aDSWL
_beng
_cDSWL
041 _aeng
_2eng
084 _aY15Y173(Q5)wM58, H6
_qDSWL
100 _aSolomon, H.G.
_9823642
245 0 _aFabric of my life
_cby H.G. Solomon
260 _aNew York
_b Bloch Pub co.
_c1946
300 _a263 p.
942 _cTEXL
_hY15Y173(Q5)wM58, H6
999 _c1437416
_d1437416